| 000 -CABECERA |
| Longitud fija campo de control |
00702nam a2200205 a 4500 |
| 001 - NÚMERO DE CONTROL |
| Número de control |
1175 |
| 003 - IDENTIFICADOR DEL NÚMERO DE CONTROL |
| Identificador del número de control |
CDMR |
| 005 - FECHA Y HORA DE LA ÚLTIMA TRANSACCIÓN |
| Fecha y hora de la última transacción |
20131211180903.0 |
| 008 - CÓDIGOS DE INFORMACIÓN DE LONGITUD FIJA |
| Códigos de información de longitud fija |
130130s1970||||||||||||||||||||||||||||d |
| 040 ## - FUENTE DE LA CATALOGACIÓN |
| Centro catalogador de origen |
CDMR |
| Lengua de catalogación |
cat |
| Centro transcriptor |
CDMR |
| 100 1# - PUNTO DE ACCESO PRINCIPAL-NOMBRE DE PERSONA |
| Nombre de persona |
Noelle, Elisabeth |
| 9 (RLIN) |
919 |
| 245 10 - MENCIÓN DE TÍTULO |
| Título |
Encuestas en la sociedad de masas |
| Resto del título |
: introducción a los métodos de la demoscopia |
| Mención de responsabilidad, etc. |
Elisabeth Noelle |
| 260 ## - PUBLICACIÓN, DISTRIBUCIÓN, ETC. (PIE DE IMPRENTA) |
| Lugar de publicación, distribución, etc. |
Madrid |
| Fecha de publicación, distribución, etc. |
1970 |
| Nombre del editor, distribuidor, etc. |
Alianza |
| 300 ## - DESCRIPCIÓN FÍSICA |
| Extensión |
420 p ; |
| Dimensiones |
18 cm |
| 490 0# - MENCIÓN DE SERIE |
| Mención de serie |
Alianza Editorial. Ciencia y técnica |
| Designación de volumen o secuencia |
234 |
| 650 04 - PUNTO DE ACCESO ADICIONAL DE MATERIA - TÉRMINO DE MATERIA |
| 9 (RLIN) |
921 |
| Término de materia o nombre geográfico como elemento inicial |
Mitjans de comunicació de massa |
| Subdivisión de materia general |
Aspectes sociològics |
| 650 04 - PUNTO DE ACCESO ADICIONAL DE MATERIA - TÉRMINO DE MATERIA |
| 9 (RLIN) |
4508 |
| Término de materia o nombre geográfico como elemento inicial |
Opinió pública |
| Subdivisión de materia general |
Sondejos |
| 650 04 - PUNTO DE ACCESO ADICIONAL DE MATERIA - TÉRMINO DE MATERIA |
| 9 (RLIN) |
4510 |
| Término de materia o nombre geográfico como elemento inicial |
Mitjans de comunicació de massa |
| Subdivisión de materia general |
Enquestes |
| 942 ## - ENTRADA DE ELEMENTOS AGREGADOS (KOHA) |
| Koha [por defecto] tipo de item |
Monografies |
| Fuente de clasificaión o esquema |
|